Genetics notes

Uloženo v:
Podrobná bibliografie
Hlavní autor: James F Crow
Médium: Kniha
Jazyk:Undetermined
Vydáno: Minnesota Burgess Publishing Company 1976
Témata:
Tagy: Přidat tag
Žádné tagy, Buďte první, kdo otaguje tento záznam!
Thư viện lưu trữ: Trung tâm Học liệu Trường Đại học Cần Thơ
LEADER 00473nam a2200181Ia 4500
001 CTU_29945
008 210402s9999 xx 000 0 und d
082 |a 575.1 
082 |b C953 
100 |a James F Crow 
245 0 |a Genetics notes 
245 0 |c James F Crow 
260 |a Minnesota 
260 |b Burgess Publishing Company 
260 |c 1976 
650 |a genetics - research 
904 |i Liên, 980115 
980 |a Trung tâm Học liệu Trường Đại học Cần Thơ